书目信息 |
| 题名: |
日本近代国语批判
|
|
| 作者: | 小森阳一 著 ;陈多友 译 | |
| 分册: | ||
| 出版信息: | 长春 吉林人民出版社 2005 |
|
| 页数: | 308页 | |
| 开本: | 20cm | |
| 丛书名: | 话语行动译丛 | |
| 单 册: | ||
| 中图分类: | H313.064 | |
| 科图分类: | ||
| 主题词: | 日语--语言史--研究--近代 , 英语 , 语言史 | |
| 电子资源: | ||
| ISBN: | 7-206-04400-X | |
| 000 | 01100oam2 2200325 45 | |
| 001 | 012006021403 | |
| 005 | 20070104142149.14 | |
| 010 | @a7-206-04400-X@dCNY36.00 | |
| 092 | @aCN@b474952 | |
| 100 | @a20060214d2005 em y0chiy0121 ea | |
| 101 | 1 | @achi@cjpn |
| 102 | @aCN@b220000 | |
| 105 | @ay z 000yy | |
| 200 | 1 | @a日本近代国语批判@9ri ben jin dai guo yu pi pan@f(日)小森阳一著@g陈多友译 |
| 205 | @a2版 | |
| 210 | @a长春@c吉林人民出版社@d2005 | |
| 215 | @a308页@d20cm | |
| 225 | 2 | @a话语行动译丛 |
| 305 | @a小森阳一免费赠予版权 | |
| 314 | @a小森阳一(1953~ ),日本著名文艺批评家,东京大学教授。已出版文学批评与文学理论著作十余种。 | |
| 330 | @a本书对日语民族主义进行“忤逆式”的批判,对语言学、历史学、思想史、国语学等多种领域进行了置换,并从国语视角对日本现代化进行了全盘考量。 | |
| 461 | 0 | @12001 @a话语行动译丛 |
| 606 | 0 | @a日语@x语言史@x研究@z近代 |
| 606 | 0 | @a英语 |
| 606 | 0 | @a语言史 |
| 690 | @aH313.064@v4 | |
| 701 | 0 | @a小森阳一@9xiao sen yang yi@4著 |
| 702 | 0 | @a陈多友@9chen duo you@4译 |
| 801 | 0 | @aCN@bLZJBOOK@c20070104 |
| 905 | @a10447@dH313.064@e228=2 | |
| 日本近代国语批判/(日)小森阳一著/陈多友译.-2版.-长春:吉林人民出版社,2005 |
| 308页;20cm.-(话语行动译丛) |
| ISBN 7-206-04400-X:CNY36.00 |
| 本书对日语民族主义进行“忤逆式”的批判,对语言学、历史学、思想史、国语学等多种领域进行了置换,并从国语视角对日本现代化进行了全盘考量。 |
| ● |
| 相关链接 |
|
|
|
|
正题名:日本近代国语批判
索取号:H313.064/228=2
 
预约/预借
| 序号 | 登录号 | 条形码 | 馆藏地/架位号 | 状态 | 备注 |
| 1 | 0565752 | 205657528 | 第二样本阅览室/ [索取号:H313.064/228=2] | 在馆 | |
| 2 | 0565753 | 205657537 | 第四借阅区/ [索取号:H313.064/228=2] | 在馆 | |
| 3 | 0565754 | 205657546 | 第四借阅区/ [索取号:H313.064/228=2] | 在馆 | |
| 4 | 0565755 | 205657555 | 第四借阅区/ [索取号:H313.064/228=2] | 在馆 | |
| 5 | 0565756 | 205657564 | 第四借阅区/ [索取号:H313.064/228=2] | 在馆 | |
| 6 | 0565757 | 205657573 | 第四借阅区/ [索取号:H313.064/228=2] | 在馆 | |
| 7 | 0565758 | 205657582 | 第四借阅区/ [索取号:H313.064/228=2] | 在馆 | |
| 8 | 0565759 | 205657591 | 第四借阅区/ [索取号:H313.064/228=2] | 在馆 |